01491nam a22003617a 4500003000500000005001700005008004100022010000900063011000900072035000900081040000900090090001000099100003600109245013100145260004200276300002200318502008700340590003700427590004100464590004100505590004100546590004100587590004200628650004500670650003800715901000700753942000900760949004400769949004900813999001500862952012500877952012701002CHAP20220329133622.0971013s1992 r 00010 d a8625 a9597 a8832 cCHAP aTesis00aTrejo Calzada, Ricardo.9114744 aCaracterización in vitro de la tolerancia al déficit hídrico y a salinidad en células de Amaranthus hypochondriacus L. aMontecillo, Méx. :bEl autor,c1992 a146 h.b; gráfs aTesis (M.C. Esp. en Fisiología Vegetal) -- C.P. Programa de Fisiología Vegetal aALEPHb10c20130110lUCH01h1224 aBATCH-UPDb10c20130110lUCH01h0256 aBATCH-UPDb10c20130110lUCH01h1840 aBATCH-UPDb10c20130409lUCH01h2327 aBATCH-UPDb10c20130914lUCH01h0303 aCONVERSIONb10c20130109lUCH01h130614aAmarantoxEfecto de las sequías.9511714aPlantasxEfecto de la sal.988817 aBK cFOLL bBCcTESd-19187eTS1h25733i8832mDsi bBCcTESd-19188eTS2fc.2h25734i8832mDsi c8625d8625 00102local4053708TESISaBCbBCcPA_TESISd2019-12-31fTESISl0p-19188r2019-12-31 00:00:00tc.2w2019-12-31yTESIS 00102local4051708TESISaBCbBCcPA_TESISd2019-12-31fTESISl0oTesisp-19187r2019-12-31 00:00:00w2019-12-31yTESIS